Sports Quiz

Random Sports or Basketball Quiz

NBA Team Last All-Star Quiz Stats

 Plays Quiz Updated Mar 8, 2021

Support Sporcle.
Go Orange.
Score 0/30 Timer 04:00
3 Plays Today
Team Player % Correct
Cleveland CavaliersLeBron James, Kevin Love
96.4%
Boston CelticsJayson Tatum, Jaylen Brown
95.6%
Los Angeles LakersLeBron James, Anthony Davis
94.5%
Miami HeatBam Adebayo, Jimmy Butler
92.2%
Houston RocketsJames Harden, Russell Westbrook
90.6%
Denver NuggetsNikola Jokić
90.2%
Oklahoma City ThunderChris Paul
89.4%
Dallas MavericksLuka Dončić
87.7%
Chicago BullsZach LaVine
86%
New Orleans PelicansZion Williamson
85.9%
Atlanta HawksTrae Young
83.7%
San Antonio SpursLaMarcus Aldridge
81.4%
Minnesota TimberwolvesKarl-Anthony Towns
80.8%
Portland Trail BlazersDamian Lillard
80.7%
Toronto RaptorsKyle Lowry, Pascal Siakam
80.6%
Team Player % Correct
Phoenix SunsDevin Booker, Chris Paul
80.4%
Orlando MagicNikola Vučević
79.1%
Charlotte HornetsKemba Walker
78.8%
Indiana PacersDomantas Sabonis
77.6%
Los Angeles ClippersKawhi Leonard, Paul George
77.2%
Detroit PistonsBlake Griffin
76.9%
Utah JazzDonovan Mitchell, Rudy Gobert, Mike Conley
76.5%
Washington WizardsBradley Beal
73.1%
Philadelphia 76ersJoel Embiid, Ben Simmons
71%
Milwaukee BucksGiannis Antetokounmpo
71%
New York KnicksJulius Randle
70.4%
Memphis GrizzliesMarc Gasol
69%
Golden State WarriorsStephen Curry
64.8%
Brooklyn NetsKyrie Irving, Kevin Durant, James Harden
64.7%
Sacramento KingsDeMarcus Cousins
58.3%

From the Vault

Click the 'M' Movie Title Character

by ddd62291

Movies 3m
In a sense, doesn't every movie start with 'M'?
Remove Ads.
Support Sporcle.
Get the best of Sporcle when you Go Orange. This ad-free experience offers more features, more stats, and more fun while also helping to support Sporcle. Thank you for becoming a member.

Show Comments

Extras

Top Quizzes Today


Score Distribution

Your Account Isn't Verified!

In order to create a playlist on Sporcle, you need to verify the email address you used during registration. Go to your Sporcle Settings to finish the process.

Report this User

Report this user for behavior that violates our Community Guidelines.

Details: